Statystyki dla Gdzie szybciej dojedziesz samochodem?

Kliknij tutaj aby rozwiązać quiz!

Ogólne statystyki

  • Ten quiz został rozwiązany 2 162 razy
  • Średni wynik to 3 z 6

Statystyki odpowiedzi

ZagadnienieOdpowiedź% Poprawnych
Z Warszawy najszybciej dojedziemy doMińska
77%
Z Paryża najszybciej dojedziemy doMonachium
59%
Szybciej dojedziemyZ Warszawy do Berlina
56%
Szybciej dojedziemyZ Londynu do Manchesteru
53%
Szybciej dojedziemyZ Mińska do Mińska Mazowieckiego
51%
Z Warszawy najszybciej dojedziemy doParyża
27%

Rozkład punktacji

Percentyl według liczby udzielonych odpowiedzi

Procent ludzi z każdym wynikiem

Twoja historia wyników

Nie rozwiązałeś tego quizu